[Event "Charleroi op 4th"]
[Site "Charleroi"]
[Date "2005.08.03"]
[Round "6"]
[White "Deboulle, Michael"]
[Black "Burel, Gwenaelle"]
[Result "0-1"]
[WhiteElo "1737"]
[BlackElo "1490"]
[PlyCount "54"]
[EventDate "2005.07.30"]
[EventType "swiss"]
[EventRounds "9"]
[EventCountry "BEL"]
[SourceTitle "EXT 2006"]
[Source "ChessBase"]
[SourceDate "2005.11.24"]
[SourceVersion "1"]
[SourceVersionDate "2005.11.24"]
[SourceQuality "1"]

1. e4 c5 2. c3 e6 3. d4 d5 4. exd5 exd5 5. dxc5 Bxc5 6. Nf3 Bg4 7. Be2 Nf6 8. Bg5 0-0 9. 0-0 Nc6 10. Bxf6 Qxf6 11. Qxd5 Bb6 12. Nbd2 Rad8 13. Qb5 Rfe8 14. Bd3 Ne5 15. Nxe5 Rxe5 16. Ne4 Qe7 17. Qc4 Be6 18. Qa4 Rxd3 19. Rae1 Bd7 20. Qc4 Bb5 21. Qxb5 Rxb5 22. Nf6+ Kf8 23. Nxh7+ Ke8 24. Rxe7+ Kxe7 25. Re1+ Kd6 26. Kf1 Rxb2 27. Ng5 Rxf2+ 0-1

[Event "Charleroi op 2nd"]
[Site "Charleroi"]
[Date "2003.08.23"]
[Round "1.16"]
[White "Deboulle, Michael"]
[Black "Denayer, Eric"]
[Result "0-1"]
[WhiteElo "1698"]
[BlackElo "2166"]
[PlyCount "41"]
[EventDate "2003.08.23"]
[EventType "swiss"]
[EventRounds "9"]
[EventCountry "BEL"]
[SourceTitle "EXT 2004"]
[Source "ChessBase"]
[SourceDate "2003.11.25"]
[SourceVersion "1"]
[SourceVersionDate "2003.11.25"]
[SourceQuality "1"]

1. e4 c5 2. c3 e5 3. d4 cxd4 4. cxd4 exd4 5. Qxd4 Nc6 6. Qa4 Bc5 7. Nf3 Qb6 8. Qc2 Nf6 9. Bc4 0-0 10. 0-0 Nb4 11. Qe2 d5 12. Bxd5 Nfxd5 13. exd5 Bf5 14. a3 Rfe8 15. Qd2 Nc2 16. Ra2 Ne3 17. Nc3 Nxf1 18. Kxf1 Qb3 19. Nd4 Qc4+ 20. Nde2 Rxe2 21. Nxe2 0-1